| 000 | 00942nam a22003017a 4500 | ||
|---|---|---|---|
| 003 | CHAP | ||
| 005 | 20220329135129.0 | ||
| 008 | 971013s1981 r 00010 d | ||
| 010 | _a31399 | ||
| 011 | _a32371 | ||
| 035 | _a36486 | ||
| 040 | _cCHAP | ||
| 082 |
_a519.5 _bC68 |
||
| 100 | 0 | 0 |
_aCox, David Roxbee. _928740 |
| 245 |
_aApplied estatistics _b: principles and examples |
||
| 260 |
_aLondon : _bChapman and Hall, _c1981 |
||
| 300 |
_a189 p. _b: ilus. |
||
| 590 |
_aBATCH-UPD _b10 _c20130110 _lUCH01 _h2105 |
||
| 590 |
_aBATCH-UPD _b10 _c20130410 _lUCH01 _h1417 |
||
| 590 |
_aBATCH-UPD _b10 _c20130914 _lUCH01 _h1323 |
||
| 590 |
_aCONVERSION _b10 _c20130109 _lUCH01 _h1318 |
||
| 650 | 1 | 4 |
_aEstadÃstica. _938241 |
| 700 | 0 |
_aSnell, E. J. _9107226 |
|
| 901 | _aBK | ||
| 942 | _cLIBRO | ||
| 949 |
_a519.5 C68 _bBC _cLIBRO _d33724000410072 _eLIBRO _h55825 _i36486 _si |
||
| 949 |
_a519.5 C68 _bBC _cLIBRO _d33724000410080 _eLIBRO _fc.2 _h55826 _i36486 _si |
||
| 999 |
_c31399 _d31399 |
||